| 000 | 01116cam a22002411 4500 | ||
|---|---|---|---|
| 001 | gs 23000217 | ||
| 003 | DLC | ||
| 005 | 20260227111327.0 | ||
| 008 | 920618s1922 ag bf 000 0 spa c | ||
| 010 | _ags 23000217 | ||
| 035 | _a(OCoLC)26041636 | ||
| 040 |
_aLibrary, U.S. Geological Survey _cCSt _dDLC |
||
| 042 | _apremarc | ||
| 050 | 0 | 0 |
_aQE231 _b.B68 |
| 100 | 1 |
_aBodenbender, Guillermo, _d1857-1941. |
|
| 245 | 1 | 0 |
_aContribución al conocimiento geológico de la Republica Argentina. _bI. Descriptiones generales. El Nevado de Famatina (Provincia de la Rioja) _cpor el Dr. Guillermo Bodenbender ... |
| 260 |
_aBuenos Aires, _bTalleres gráficos del Ministerio de agricultura de la nación, _c1922. |
||
| 300 |
_a68, [1] p. _bXVIII pl., fold. col. map, fold. profile. _c27 cm. |
||
| 490 | 0 |
_a[Argentine Republic] Ministerio de agricultura de la nación. Sección geológico mineralogía y minería. Anales. _vt. XVI, no. 1 |
|
| 500 | _aAt head of title: Republica Argentina. Dirección general de minas, geogolgía e hidrología. | ||
| 650 | 0 |
_aGeology _zArgentina _zLa Rioja. |
|
| 740 | 0 | _aNevado de Famatina. | |
| 999 |
_c26257 _d26257 |
||